LEADER 00630nam a2200181 i 4500 001 000000041353 003 CaOOAMICUS 005 19950214000000.0 008 950214n it u000 u ita u 013 $a12523 040 $aSeMil$bita 100 1 $aScarvaglieri, Giuseppe.$0(OLS)http://semarc/name/20338 245 10$aSociologia della religione. 650 4$aSociologia religiosa.$0(OLS)http://semarc/subject/892 850 $aSeMil 852 $aSeMil$W1$xVenegono$y1$m3N IV 361$j7508$B7508$CSeMilBibl$Z2$F7508 $81 961 $aAcquisto: Glossa (Libreria) 996 $6245$aSociologia della religione$9(OLS)http://semarc/title/49127 LEADER 01103nam a2200277 i 4500 001 000000060535 003 CaOOAMICUS 005 20250217112044.0 008 130114s1983 it u000 u ita u 013 $a31707 040 $aSeMil$bita 100 1 $aLaurentin, René,$d<1917-2017>.$0(OLS)http://semarc/name/89095 240 10$aCourt traité sur la Vierge Marie.$0(OLS)http://semarc/title/257170 245 13$aLa Vergine Maria :$bmariologia post-conciliare /$cRené Laurentin. 250 $a5. ed. 260 $aRoma :$bEdizioni Paoline,$c1983. 300 $a372 p. ;$c21 cm. 490 0 $aAlma Mater ;$v1 650 4$aMariologia.$0(OLS)http://semarc/subject/451 830 0$aAlma Mater ;$v1.$0(OLS)http://semarc/title/419335 850 $aSeMil 852 $aSeMil$W1$xVenegono$y1$m2L III 167$j26688$B26688$CSeMilBibl$Z2$F26691 $81 961 $aLascito: Zanoni don Giuseppe 996 $6245$aLa Vergine Maria :$bmariologia post-conciliare$9(OLS)http://semarc/title/94900 996 $6260$aRoma :$bEdizioni Paoline$9(OLS)http://semarc/publisher/29700